Statistics for Lizzy McAlpine Songs

Click here to take the quiz!

General Stats

  • This quiz has been taken 95 times
  • The average score is 18 of 42

Answer Stats

HintAnswer% Correct
FSFdoomsday
88%
FSFceilings
84%
FSForange show speedway
78%
GMAMPancakes for Dinner
72%
FSFall my ghosts
70%
GMAMApple Pie
67%
GMAMGive Me A Minute
66%
GMAMSame Boat
54%
FSFchemtrails
53%
FSFfirearm
53%
GMAMI Knew
53%
FSFan ego thing
51%
FSFcalled you again
51%
GMAMOver-the-Ocean Call (Andrew)
51%
GMAMTo the Mountains
51%
GMAMWhere Do I GO?
47%
WTWSMAngelina
46%
GMAMNothing / Sad N Stuff
46%
GMAMHeadstones and Land Mines
45%
FSFwhat a shame
45%
GMAMMeans Something
43%
WTWSMWhen The World Stopped Moving
43%
FSFnobody likes a secret
41%
FSFhate to be lame (feat. Finneas)
38%
WTWSMLet Light Be Light
38%
WTWSM...What Are We?
38%
GMAMHow Do I Tell You?
37%
WTWSMIn Agreement
37%
WTWSMStupid
37%
FSFreckless driving (feat. Ben Kessler)
36%
GMAMYou, Love (interlude)
36%
FSFerase me (feat. Jacob Collier)
33%
WTWSMIn What World
33%
WTWSMI Don't Know You At All
29%
FSFweird (feat. Laura Elliott)
28%
SingleLady In Blue
20%
SingleHold On (From "Dear Edward")
16%
SingleFalse Art (feat. Ben Kessler)
13%
SingleBored (feat. Thomas Headon)
11%
SingleI Think I (feat. Ben Kessler)
11%
SingleNever Gonna Be Alone
11%
Single7PM (feat. Lilacs)
5%

Score Distribution

Percentile by Number Answered

Percent of People with Each Score

Your Score History

You have not taken this quiz